Bốn bài giảng mỹ học

Αποθηκεύτηκε σε:
Λεπτομέρειες βιβλιογραφικής εγγραφής
Κύριος συγγραφέας: Lý Trạch Hậu
Μορφή: Βιβλίο
Γλώσσα:Undetermined
Έκδοση: H. ĐHQG 2002
Θέματα:
Ετικέτες: Προσθήκη ετικέτας
Δεν υπάρχουν, Καταχωρήστε ετικέτα πρώτοι!
Thư viện lưu trữ: Trung tâm Học liệu Trường Đại học Cần Thơ
LEADER 00621nam a2200205Ia 4500
001 CTU_56795
008 210402s9999 xx 000 0 und d
020 |b 24000 
082 |a 111.85 
082 |b H125 
100 |a Lý Trạch Hậu 
245 0 |a Bốn bài giảng mỹ học 
245 0 |c Lý Trạch Hậu; Trần Đình Sử và Lê Tẩm biên dịch 
260 |a H. 
260 |b ĐHQG 
260 |c 2002 
526 |a Văn học và các loại hình nghệ thuật khác 
526 |b XHV607 
650 |a aesthetics 
980 |a Trung tâm Học liệu Trường Đại học Cần Thơ